000 00237 a2200097 4500
001 35097
100 _aSHU Ahmed Shuja Pasha
245 _aPakistan : A political profile
260 _aLahore
_bSange-e-Meel Pubs
_c
090 _c23242
_d23242
942 _aNUST-CAE
_cM
_c14717
999 _c270170
_d270170